| 000 | 00893cam a22002533a 4500 | ||
|---|---|---|---|
| 001 | 28286 | ||
| 003 | PGUSA | ||
| 005 | 20140828083618.0 | ||
| 008 | 090309s2009||||xxu|||||s|||||000 | eng d | ||
| 040 |
_aPGUSA _beng |
||
| 042 | _adc | ||
| 050 | 4 | _aPQ | |
| 100 | 1 |
_aLemaître, Jules, _d1853-1914 |
|
| 245 | 1 | 0 |
_aLes Contemporains, 6ème Série : _bÉtudes et Portraits Littéraires _h[electronic resource] / _cJules Lemaître |
| 260 |
_bProject Gutenberg, _c2009 |
||
| 505 | 0 | _aLouis Veuillot -- Lamartine -- Influence récente des littératures du Nord -- Figurines -- Guy de Maupassant -- Anatole France. | |
| 506 | _aPublic domain in the USA. | ||
| 516 | _aElectronic text | ||
| 653 | _aFrench literature -- 19th century -- History and criticism | ||
| 653 | _aAuthors, French | ||
| 830 | 0 |
_aProject Gutenberg _v28286 |
|
| 856 | 4 | 0 | _uhttp://www.gutenberg.org/ebooks/28286 |
| 942 | _cEB | ||
| 999 |
_c257541 _d257541 |
||